60 minutes. Brené Brown /

A profile of Professor Brené Brown. The researcher turned author and speaker uses her experience studying human behavior and emotion to relate to her audience. Brown doesn't consider herself a 'self-help' author and instead feels people need others, preaching that vulnerability is not...

Full description

Bibliographic Details
Other Authors: Whitaker, Bill, 1951- (Interviewer), Hartman, Rome (Producer)
Format: Video
Language:English
Language Notes:In English.
Published: New York, NY : Columbia Broadcasting System (CBS), 2020.
Series:60 Minutes
Subjects:
Online Access:Connect to this streaming video (Alexander Street Press)

MARC

Tag First Indicator Second Indicator Subfields
LEADER 00000cgm a2200000Mi 4500
001 in00005581621
006 m o c
007 cr |n||||||||a
007 vz |za|z|
008 240222s2020 nyu014 e o vleng d
005 20241201234141.8
035 |a (OCoLC)on1425511458 
040 |a ALSTP  |b eng  |e rda  |c ALSTP  |d OCLCO  |d DXU 
019 |a 1443959781  |a 1455127427 
035 |a (OCoLC)1425511458  |z (OCoLC)1443959781  |z (OCoLC)1455127427 
049 |a TXAM 
245 0 0 |a 60 minutes.  |p Brené Brown /  |c produced by Rome Hartman. 
246 1 |a Sixty minutes 
246 1 0 |a Brené Brown 
264 1 |a New York, NY :  |b Columbia Broadcasting System (CBS),  |c 2020. 
300 |a 1 online resource (14 minutes) 
306 |a 001312 
336 |a two-dimensional moving image  |b tdi  |2 rdacontent 
337 |a computer  |b c  |2 rdamedia 
337 |a video  |b v  |2 rdamedia 
338 |a online resource  |b cr  |2 rdacarrier 
347 |a video file  |2 rdaft 
490 0 |a 60 Minutes 
511 0 |a Reporter, Bill Whitaker ; interviewee, Brené Brown. 
518 |a Originally broadcast on March 29, 2020. 
588 0 |a Title from title screen (viewed February 22, 2024). 
520 |a A profile of Professor Brené Brown. The researcher turned author and speaker uses her experience studying human behavior and emotion to relate to her audience. Brown doesn't consider herself a 'self-help' author and instead feels people need others, preaching that vulnerability is not a weakness. She also discusses how her methods to quell anxiety can help people during the uncertain times of quarantine. Includes interviews with Air Force Colonel Dede Halfhill, spokeswoman for the chairman of the Joint Chiefs of Staff; and Karen Walrond and Laura Mayes, friends of Brown. 
546 |a In English. 
600 1 0 |a Brown, Brené  |v Interviews. 
650 0 |a Self-care, Health. 
650 0 |a Human behavior. 
650 0 |a Authors, American  |v Interviews. 
650 6 |a Autothérapie. 
650 6 |a Comportement humain. 
650 6 |a Écrivains américains  |v Entretiens. 
655 7 |a interviews.  |2 aat 
655 7 |a Interviews.  |2 lcgft 
655 7 |a Television news programs.  |2 lcgft 
655 7 |a Interviews.  |2 rvmgf 
655 7 |a Téléjournaux.  |2 rvmgf 
700 1 |a Whitaker, Bill,  |d 1951-  |e on-screen presenter,  |e interviewer. 
700 1 |a Brown, Brené,  |e interviewee. 
700 1 |a Hartman, Rome,  |e producer. 
710 2 |a CBS News Productions,  |e publisher,  |e production company. 
730 0 |i In series:  |a 60 minutes (Television program) 
856 4 0 |u http://proxy.library.tamu.edu/login?url=https://www.aspresolver.com/aspresolver.asp?MARC;5522147  |z Connect to this streaming video (Alexander Street Press)  |t 0 
955 |a Alexander Street Press subscription streaming video 
994 |a 92  |b TXA 
999 f f |s f41298bd-4665-4f03-b007-54e9ec9bf709  |i 0a90cf4d-ae3b-4fe2-8ce2-adf761374294  |t 0 
952 f f |a Texas A&M University  |b College Station  |c Electronic Resources  |d Available Online  |t 0  |h Library of Congress classification 
998 f f |t 0  |l Available Online